书目信息 |
| 题名: |
中国省际环境污染的空间差异和环境规制研究
|
|
| 作者: | 高峰 著 | |
| 分册: | ||
| 出版信息: | 北京 经济科学出版社 2016.10 |
|
| 页数: | 228页 | |
| 开本: | 23cm | |
| 丛书名: | CEC生态文明丛书 | |
| 单 册: | ||
| 中图分类: | X508.2 | |
| 科图分类: | ||
| 主题词: | 环境污染--研究--中国 | |
| 电子资源: | ||
| ISBN: | 978-7-5141-7455-7 | |
| 000 | 01337oam2 2200265 450 | |
| 001 | 1439 | |
| 005 | 20180928104722.14 | |
| 010 | @a978-7-5141-7455-7@dCNY42.00 | |
| 100 | @a20170328d2016 kemy0chiy50 ea | |
| 101 | 0 | @achi |
| 102 | @aCN@b110000 | |
| 105 | @ay v 000yy | |
| 200 | 1 | @a中国省际环境污染的空间差异和环境规制研究@9zhong guo sheng ji huan jing wu ran de kong jian cha yi he huan jing gui zhi yan jiu@dStudy on spatial difference of provincial environmental pollution and environmental regulation in China@f高峰著@zeng |
| 210 | @a北京@c经济科学出版社@d2016.10 | |
| 215 | @a228页@d23cm | |
| 225 | 1 | @aCEC生态文明丛书 |
| 300 | @a浙江省哲学社会科学重点研究基地 浙江省生态文明研究中心学术专著出版资金资助 | |
| 330 | @a本书立足于当前我国省际环境污染和环境规制的空间差异,就环境规制对环境污染的影响进行了探讨,并基于地方政府环境规制的决策博弈,运用空间Durbin模型对地方政府环境规制决策策略互动问题进行了空间计量分析,探讨了我国省际环境规制决策的影响机制,并就如何构建区域环境规制的合作机制进行了讨论。 | |
| 461 | 0 | @12001 @aCEC生态文明丛书 |
| 510 | 1 | @aStudy on spatial difference of provincial environmental pollution and environmental regulation in China@zeng |
| 606 | 0 | @a环境污染@x研究@y中国 |
| 690 | @aX508.2@v5 | |
| 701 | 0 | @a高峰@9gao feng@4著 |
| 801 | 0 | @aCN@b91MARC@c20170328 |
| 905 | @aMuseLib@dX508.2@e180 | |
| 中国省际环境污染的空间差异和环境规制研究=Study on spatial difference of provincial environmental pollution and environmental regulation in China/高峰著.-北京:经济科学出版社,2016.10 |
| 228页;23cm.-(CEC生态文明丛书) |
| 浙江省哲学社会科学重点研究基地 浙江省生态文明研究中心学术专著出版资金资助 |
| ISBN 978-7-5141-7455-7:CNY42.00 |
| 本书立足于当前我国省际环境污染和环境规制的空间差异,就环境规制对环境污染的影响进行了探讨,并基于地方政府环境规制的决策博弈,运用空间Durbin模型对地方政府环境规制决策策略互动问题进行了空间计量分析,探讨了我国省际环境规制决策的影响机制,并就如何构建区域环境规制的合作机制进行了讨论。 |
| ● |
| 相关链接 |
|
|
|
|
正题名:中国省际环境污染的空间差异和环境规制研究
索取号:X508.2/180
 
预约/预借
| 序号 | 登录号 | 条形码 | 馆藏地/架位号 | 状态 | 备注 |
| 1 | 1122656 | 211226564 | 第二样本阅览室/ [索取号:X508.2/180] | 在馆 | |
| 2 | 1122657 | 211226573 | 第三借阅区/ [索取号:X508.2/180] | 在馆 | |
| 3 | 1122658 | 211226582 | 第三借阅区/ [索取号:X508.2/180] | 在馆 |